Gli antichi Greci

में बचाया:
ग्रंथसूची विवरण
मुख्य लेखक: Finley, Moses I.
स्वरूप: पुस्तक
भाषा:अंग्रेज़ी
प्रकाशित: Torino
टैग: टैग जोड़ें
कोई टैग नहीं, इस रिकॉर्ड को टैग करने वाले पहले व्यक्ति बनें!

MARC

LEADER 00000nam a2200000 4500
001 CDOM0000003754
003 mi
005 20250918161454.0
008 250918b |||||||| |||| 00| 0 eng d
040 |c mi 
100 |a Finley, Moses I. 
245 1 |a Gli antichi Greci  
260 |a Torino 
942 |2 ddc  |c BK 
952 |0 0  |1 0  |2 ddc  |4 0  |7 0  |9 6968  |a MI  |b MI  |d 1997-07-01  |i 5468  |l 0  |p CDOM5468  |r 2025-07-13 16:28:00  |w 2025-07-13  |x DONO  |y BK 
999 |c 5688  |d 5688